[Event "Budapest m 30'"]
[Site "Budapest"]
[Date "1998.06.11"]
[Round "6"]
[White "Polgar, Judit"]
[Black "Karpov, Anatoly"]
[Result "1/2-1/2"]
[WhiteElo "2670"]
[BlackElo "2735"]
[Annotator "Psakhis,L"]
[PlyCount "97"]
[EventDate "1998.06.09"]
[EventType "match (rapid)"]
[EventRounds "8"]
[EventCountry "HUN"]
[Source "ChessBase"]
[SourceDate "1998.08.06"]

1. e4 c6 2. d4 d5 3. Nd2 {It was correct time to start to play Panov attack,
but after 5th game  Judit was shocked and I ask her to play as solid as
possible.} dxe4 4. Nxe4 Nd7 5. Ng5 Ngf6 6. Bd3 e6 7. N1f3 Bd6 8. Qe2 h6 9. Ne4
Nxe4 10. Qxe4 Qc7 11. Qg4 Kf8 12. Be3 Nf6 $5 {N Strong move, white,s queen
hasn,t chance to move to e2, what,s  happen in 4th game.} (12... c5 13. dxc5
Bxc5 14. O-O-O Nf6 15. Qh4 Bxe3+ 16. fxe3 Bd7 17. Rhf1 Rc8 18. Kb1 Bc6 19. e4
Kg8 20. c3 Nd7 21. Bc2 $36 {1-0 Polgar,J-Karpov,A/Budapest m 1998 (49)}) (12...
b6 13. Nd2 Nf6 14. Qe2 Nd5 15. Nc4 Ba6 16. Nxd6 Bxd3 17. Qxd3 Qxd6 18. O-O Rd8
19. Rad1 b5 20. a4 a6 $13 {1/2-1/2 Polgar,J-Karpov,A/Budapest m rapid (04)
1998 (57)}) 13. Qh4 b6 14. O-O-O Bb7 15. Rhe1 c5 $11 {I suppose, that Black
has at least equal chances.} 16. dxc5 bxc5 {[%cal Ga8b8,Gc5c4]} 17. Nd2 {[%cal
Gd2c4]} Nd5 (17... Bxg2 18. Rg1 $44) 18. Nc4 Nxe3 (18... Be7 $5 19. Qh3 Nxe3
20. Nxe3 Rb8 $13) 19. Nxe3 Rb8 20. Qc4 $5 {[%cal Gd3e4] White will be happy to
exchanged light bishops, but immediately} (20. Be4 $2 {lose after} g5 $1 21.
Qg4 h5 22. Qxg5 Bxe4 $19) 20... h5 $5 {[%cal Gd6h2]} 21. h3 (21. g3 $5) 21...
Be5 22. c3 Bf6 23. Be4 Bc8 24. Qa4 (24. Rd2 $5 g6 25. Red1 Kg7 $13) 24... g6
25. Qc6 ({Deserves attention} 25. Rd2 Kg7 26. Red1 $132 {with complicated
position, but Judit decided to exchanged queens-  unusual decition for her!})
25... Qxc6 26. Bxc6 Kg7 27. Nc4 {[%cal Gc4e5]} (27. Bd7 Bb7) 27... Ba6 28. Ne5
Rhd8 29. b3 (29. Nd7 Bg5+ 30. Kc2 Rbc8 31. Bf3 Bb5 32. Ne5 Bf6) 29... Rxd1+ 30.
Kxd1 Rb6 {[%csl Ra6,Rf6] Black has pair of strong bishops and Judit must to
play very carefully to keep balance.} (30... Rd8+ 31. Kc2 Bg5 32. Rd1) 31. Bf3
Rd6+ 32. Kc2 Bh4 $5 (32... Bg5 33. Rd1 Rxd1 34. Kxd1 Bf6 35. Nc6 (35. Nd7 Bxc3
36. Nxc5 Bf1) 35... Bxc3 36. Nxa7 $13) 33. g3 Bg5 34. Rd1 Rxd1 35. Kxd1 (35.
Bxd1 h4 36. Nc6 (36. g4 $2 Bf1 $19) 36... Bf1 37. Nxa7 Bxh3 $132) 35... Bf6 36.
Nc6 $5 (36. Nd7 Bxc3 37. Nxc5 Bf1 38. h4 Bd4 39. Ke1 Bb5 $15) 36... Bxc3 (36...
Bb7 37. Ke2 $11) 37. Nxa7 {[%csl Ra2]} e5 (37... Bd4 38. Ke1) 38. Be2 Bb7 39.
Nb5 Ba5 40. Nd6 Bg2 41. h4 f5 42. Nc4 Bc7 43. a4 {Pawn moved and it,s clear,
that White out of danger now!} Bd5 44. Ke1 (44. a5 Bxc4 45. Bxc4 Bxa5 46. Ke2
$11) 44... f4 45. a5 $1 Bxc4 46. Bxc4 Bxa5+ 47. Ke2 Kf6 48. Bd3 Bc7 49. Kf3
1/2-1/2

[Event "Budapest m 30'"]
[Site "Budapest"]
[Date "1998.06.12"]
[Round "7"]
[White "Karpov, Anatoly"]
[Black "Polgar, Judit"]
[Result "1/2-1/2"]
[WhiteElo "2735"]
[BlackElo "2670"]
[Annotator "Psakhis,L"]
[PlyCount "142"]
[EventDate "1998.06.09"]
[EventType "match (rapid)"]
[EventRounds "8"]
[EventCountry "HUN"]
[Source "ChessBase"]
[SourceDate "1998.08.06"]

1. d4 Nf6 2. c4 g6 3. Nf3 Bg7 4. g3 c5 5. Bg2 Qa5+ 6. Nc3 Ne4 7. Bd2 {Another
interesting move} (7. Qd3 $5 {was played one day early in Leon, but we hope,
that there not too chances, that Karpov will see text of this game.} cxd4 8.
Nxd4 Nc5 9. Qd1 Nc6 10. e3 Ne6 11. O-O Qc5 12. Ndb5 a6 13. Na4 Qxc4 14. Nbc3
Rb8 15. Nb6 Qc5 16. Ncd5 O-O 17. b4 $44 {1-0 Kasparov,G-Topalov,V/Leon m 1998 
(40)}) 7... Nxd2 8. Qxd2 d6 (8... O-O 9. e3 d6 10. O-O Nc6 (10... Bg4 $5) 11.
h3 cxd4 12. Nxd4 Bd7 13. Rfd1 Nxd4 14. exd4 Bc6 15. Nd5 Qd8 16. Rac1 $14 {1-0
Karpov,A-Khalifman,A/Linares 1995 (40)}) 9. O-O $6 {After this natural move
Black has no shadow of troubles. Stronger was 9.h3!} (9. e3 Bg4 $5 10. Ng1 Nc6
11. h3 Bf5 12. Nge2 O-O 13. Rd1 cxd4 14. exd4 e5 $13 {1/2-1/2 Epishin,
V-Khalifman,A/Sankt_Peterburg 1995 (38)}) (9. h3 Nc6 10. e3 O-O 11. O-O a6 12.
a3 (12. Rfd1 Rb8 13. Nd5 Qxd2 14. Rxd2 b6 15. Rc1 Bd7 $11 {0-1 Izeta,
F-Azmaiparashvili,Z/San Roque 1996 (57)}) 12... Rb8 13. Rfd1 b5 14. b4 Qb6 $132
{0-1 Abramovic,B-Malaniuk,V/Nis 1996 (55)}) 9... Nc6 10. e3 Bg4 11. d5 {N Only
chance to continue fight, after} (11. dxc5 dxc5 12. h3 Rd8 13. Qe2 Bf5 14. Rad1
Bxc3 15. Rxd8+ Nxd8 16. bxc3 Qxc3 $17 {Black got clear advantage 1-0 Rapoport,
I-Gritsak,O/Polanica Zdroj op 1996 (36)}) 11... Bxf3 {Not bad move, but easy
were to play} (11... Ne5 $5 12. Nxe5 Bxe5 $11) 12. Bxf3 Ne5 (12... Bxc3 13.
bxc3 Ne5 14. Be2 Qa4 15. Qb2 $14) 13. Be2 Qb4 14. Ne4 Qxd2 15. Nxd2 {[%cal
Ga7a6,Gb7b5,Gh2h4,Gf2f4] I think chances are more or less equal, but Karpov
after the game  insist, that White,s position is slightly better.} Kd8 {Maybe
beggining of not the best plan.I would prefer 15...0-0} 16. Ne4 Kc7 17. Rab1
Nd7 (17... a6 18. b4 $140 cxb4 19. Rxb4 b6 20. Rfb1 Nd7 $11) 18. Rfc1 (18. Ng5
h6 $1 19. Nxf7 $2 Rhf8) 18... h6 (18... a6 $5 $11) 19. Rc2 Nf6 (19... a6) 20.
Nc3 Nd7 21. Ne4 (21. Nb5+ Kb6 (21... Kb8 $5) 22. b4 cxb4 23. Rxb4 Kc5) 21...
Nf6 22. Nd2 Nd7 23. Kg2 a6 24. b3 Rhb8 25. h4 $1 {[%csl Rh6][%cal Gh4h5]} b5 (
25... h5 $5 26. Ne4 $14 {[%csl Rg5]}) 26. h5 g5 27. f4 $1 gxf4 (27... b4 $5 28.
Rf1 (28. fxg5 hxg5 29. Ne4 Bh6 30. Rf1 Ne5 $13) 28... gxf4 29. gxf4 a5) 28.
gxf4 bxc4 (28... b4 $5) 29. Bxc4 a5 30. Kf3 a4 31. Ne4 {[%cal Ge4g3,Gg3f5]}
axb3 (31... Nb6 32. b4 $1) 32. axb3 Nb6 33. Rg1 Bh8 34. Ng3 $1 Bf6 $6 (34... e6
$142 35. dxe6 $140 Nxc4 36. bxc4 fxe6 37. Ne4 Ra3 $132 {[%csl Re3,Rh6]}) 35.
Nf5 $16 {[%csl Yf5,Rh6]} Nxc4 36. bxc4 Rh8 37. Rgg2 {[%cal Gc2a2]} Ra1 (37...
Ra4 38. Ra2 Rxc4 39. Ra7+ Kb6 40. Rga2 $36) 38. Ra2 $1 e6 39. Ng3 Rxa2 (39...
Ra8 40. Rxa8 Rxa8 41. Ne4 Bh8 42. dxe6 fxe6 43. Rg6 $18) 40. Rxa2 Kb6 41. Ne4
Be7 42. Rb2+ (42. Rg2 $5) 42... Kc7 43. Rg2 Kd7 44. Rg7 Ke8 45. dxe6 fxe6 46.
Rg6 Kf7 (46... Kd7 $5 $16) 47. Ng3 (47. f5 exf5 48. Nxd6+ Bxd6 49. Rxd6 Rg8 $1)
47... Bf6 (47... Bh4 48. f5 $1 Bxg3 49. fxe6+ Ke7 50. Kxg3 $18) 48. f5 $1 exf5
(48... Ke7 49. fxe6 Rf8 (49... Kxe6 50. Ne4 $18) 50. Ke4 Kxe6 51. Rxh6 $18) 49.
Nxf5 $18 {[%csl Rd6,Rf7,Rh6] Karpov brilliantly played ending and compleatly
overplayed his  young opponent, got winning position,but, not the first time
in the match, missed his chances in big time troubles.Alas!} Bg5 50. Nxd6+ Ke7
51. Ke4 Rf8 52. Kd5 Rf1 53. e4 Rd1+ 54. Kc6 Rh1 55. Nf5+ Kf8 56. Nxh6 Rxh5 57.
Nf5 Kf7 58. Rd6 Bf4 59. Rd7+ Kf6 60. Kxc5 Rh8 61. Kd5 Rh1 62. c5 Rd1+ 63. Kc6
Re1 64. Nd6 Ke6 65. Rd8 Rc1 66. Re8+ Kf6 67. Rf8+ Kg5 68. Rf5+ Kg4 69. e5 $6 (
69. Kd5 Rd1+ 70. Ke6 Rc1 71. Ne8 $18) 69... Bg3 $1 70. e6 $4 $138 (70. Kd5 $18)
70... Bxd6 71. Rd5 (71. Kxd6 Kxf5 72. e7 Rd1+ 73. Kc7 Re1 74. Kd7 Rd1+ $11)
71... Be7 1/2-1/2

[Event "Budapest m 30'"]
[Site "Budapest"]
[Date "1998.06.12"]
[Round "8"]
[White "Polgar, Judit"]
[Black "Karpov, Anatoly"]
[Result "1/2-1/2"]
[WhiteElo "2670"]
[BlackElo "2735"]
[Annotator "Psakhis,L"]
[PlyCount "136"]
[EventDate "1998.06.09"]
[EventType "match (rapid)"]
[EventRounds "8"]
[EventCountry "HUN"]
[Source "ChessBase"]
[SourceDate "1998.08.06"]

1. e4 c6 2. d4 d5 3. exd5 {Judit won match already, so why not to play finally
Panov attack!?} cxd5 4. c4 Nf6 5. Nc3 e6 6. Nf3 Be7 7. cxd5 Nxd5 8. Bd3 Nc6 9.
O-O O-O 10. Re1 Nf6 11. a3 b6 12. Bg5 (12. Bc2 $5 Bb7 13. Qd3) 12... Bb7 13.
Bc2 h6 $6 {Rare and not the best move, but any case White keep initiative, for
example:} (13... Rc8 14. Qd3 g6 15. Rad1 (15. Bh6 Re8 16. Rad1 $14) 15... Nd5 (
15... Re8 16. h4 Nd5 17. Nxd5 exd5 18. b4 Bxg5 19. hxg5 $14) 16. Bh6 Re8 17.
Ba4 a6 18. Nxd5 Qxd5 19. Qe3 Bf6 20. b3 (20. Bb3 Qd7 21. d5 exd5 22. Qxb6 Rxe1+
23. Rxe1 Bxb2 24. Bxd5 Bg7 25. Bxg7 Kxg7 26. h4 $14 {1/2-1/2 Beliavsky,
A-Karpov,A/Trud-CSKA 1986 (42)}) 20... Qh5 21. d5 Nd8 22. d6 Rc5 23. d7 Re7 24.
Qf4 Bg7 25. Qb8 Qxh6 26. Qxd8+ Bf8 27. Re3 Bc6 28. Qxf8+ Qxf8 29. d8=Q {1-0
Smyslov,V-Karpov,A/USSR-39ch Leningrad 1971}) (13... Re8 14. Qd3 g6 15. h4 Rc8
16. Rad1 (16. Rac1 Nd5 17. Ne4 f5 18. Nc3 Bxg5 19. Nxg5 Nf4 20. Qe3 Qxd4 21.
Nb5 Qxe3 22. fxe3 Nxg2 23. Kxg2 Nd4+ 24. Be4 $1 $16 {0-1 Reshevsky,S-Fischer,R/
New York-Los Angelos 1961 (57)}) 16... a6 17. Bb3 Na5 18. Ba2 b5 19. Ne5 Nd5
20. Bxd5 Bxd5 21. Bxe7 Rxe7 22. Nxd5 Qxd5 23. Ng4 $36 {1-0 Kavalek,L-Larsen,B/
Solingen m 1970 (37)}) (13... Nd5 14. Qd3 g6 15. h4 (15. Bh6 $5) 15... Bxg5 16.
hxg5 Nxc3 17. Qxc3 Rc8 18. Qe3 Na5 $11 {1/2-1/2 Pavlovic,M-Machulsky,A/
Belgrade-Moscow m 1998 (42)}) 14. Bh4 {[%cal Rd1d3,Rd3h7]} (14. Bf4 Bd6 15. Be5
Rc8 16. Qe2 Na5 17. Qd3 g6 18. Bxd6 Qxd6 19. Ne5 Rc7 20. Rad1 Rfc8 $11 {0-1
Dolmatov,S-Epishin,V/Moscow PCA Qual 1995 (45)}) 14... Nh5 {N} (14... Nd5 15.
Qd3 g6 {[#]} 16. Re4 $1 {[%cal Re4g4]} Rc8 17. Rg4 {[/\ Rg6]} Qe8 18. Nxd5 exd5
19. Re1 Rc7 20. Re6 $1 Bc8 (20... fxe6 21. Rxg6+ Kh7 22. Rg7+ $1 Kxg7 23. Qh7#)
21. Rexg6+ fxg6 22. Rxg6+ Kf7 23. Bg3 Bd8 24. Rxh6 {1-0 Pyrich-Jenkins,D/corr
1992}) 15. d5 $1 (15. Qd3 g6 16. Re4) 15... Bxh4 (15... exd5 16. Qd3 f5 17.
Bxe7 (17. Qxd5+ Qxd5 18. Nxd5 Bxh4 (18... Bd6 19. Rad1 $16 {[%csl Yc2,Yh4,Rh5]
[%cal Rd1d6,Re1e7]}) (18... Bd8 19. Bxd8 Raxd8 20. Rad1 $36) 19. Nxh4 Nd4 $1 (
19... Rad8 20. Rad1) 20. Ne7+ Kf7 21. Bxf5 Nf4 $13) 17... Nxe7 18. Nd4 Rf7 (
18... Re8 19. Ba4) 19. Ne6 $44 (19. Rad1 $5 $36)) 16. dxc6 Bxc6 17. Ne5 $1
Bxf2+ {What else? Black position  is desperate after} (17... Qf6 18. g3 {or}) (
17... Qxd1 18. Bxd1 Bxg2 19. Bxh5 Bb7 20. Rad1 $18) 18. Kxf2 Qh4+ 19. Kg1 Rad8
20. Nxc6 $5 {Interesting anf good, but maybe even stronger was to play} (20.
Bh7+ $5 {and White getting big advantage in any case, for example:} Kxh7 (20...
Kh8 21. Qc2 Bb7 22. Be4 $18) 21. Qc2+ g6 22. Nxc6 Rd6 23. Ne4 Rd5 24. Qf2 Qxf2+
25. Nxf2 $18) ({From other point, Black is compleatly OK after} 20. Qg4 Qxg4
21. Nxg4 Bxg2 $1 $13 (21... Rd2 22. Re2 Rfd8 23. Rd1 $1) 22. Kxg2 $140 Rd2+ 23.
Re2 $2 Nf4+ $19) 20... Rxd1 21. Raxd1 $16 {White has clear advantage, but it
is not still to transfere this advantage to the point.} Nf6 22. Ne5 (22. h3 Nh5
$1) 22... Ng4 $1 23. Nxg4 Qxg4 24. Rd7 Qg5 $1 25. h3 (25. Rxa7 Qd2 26. Re2 Qc1+
27. Nd1 $6 Rd8) 25... Qc5+ 26. Kh1 b5 {[%cal Gb5b4]} 27. Rb7 a6 (27... Qf2 $5
28. Re2 Qf1+ 29. Kh2 a6) 28. Rf1 Qc4 29. Rd1 Qc5 {It is not clear how White
can improve there position.} 30. Rd2 Qe3 31. Rbd7 a5 $5 32. R7d3 (32. Nxb5 $2
Qe1+ 33. Kh2 Qe5+ $19) 32... Qe1+ 33. Kh2 Qe5+ 34. g3 b4 35. axb4 axb4 36. Nd1
g5 37. Re3 Qc7 38. Nf2 Rd8 39. Rde2 (39. Rxd8+ Qxd8 40. Re2 Qd4 $11) 39... Rd4
40. Ng4 Kg7 41. Ne5 (41. Rf2 $5 {[%cal Gg4f6]}) 41... h5 42. Nf3 Rd5 43. Bb3
Rc5 (43... Rf5 44. Nd4) 44. h4 (44. Bxe6 fxe6 (44... h4 45. Nd4 hxg3+ 46. Rxg3
Qf4 47. Nb3) 45. Nd4 Qa7 46. Nxe6+ Kf6 47. Nxc5 Qxc5 $14) 44... gxh4 45. Nxh4
Rc1 46. Re5 Qc6 47. Ng2 Qf3 48. R5e3 Qf1 49. Ne1 (49. Re1 Rxe1 50. Rxe1 Qf2 51.
Re4 $11) 49... Kh6 50. Ba4 Kg7 51. Re4 Kh6 52. Bd7 Kg7 53. Re5 Kh6 54. Bb5 Qf6
55. Bd3 h4 56. R5e4 hxg3+ 57. Kxg3 Kg7 58. Rf2 (58. Rxb4 $1 $16) 58... Qd8 59.
Rf3 Qd6+ 60. Kg2 f5 61. Re2 Kf6 62. b3 Qd4 63. Bc4 Qg4+ 64. Kf2 Qh4+ 65. Kf1
Qh1+ 66. Kf2 Qh4+ 67. Kf1 Qh1+ 68. Kf2 Qh4+ 1/2-1/2

[Event "VAM Hoogeveen 2nd"]
[Site "Hoogeveen"]
[Date "1998.10.23"]
[Round "5"]
[White "Spassky, Boris V"]
[Black "Polgar, Judit"]
[Result "1/2-1/2"]
[WhiteElo "2545"]
[BlackElo "2665"]
[Annotator "Hazai"]
[PlyCount "52"]
[EventDate "1998.10.18"]
[EventType "tourn"]
[EventRounds "6"]
[EventCountry "NED"]
[EventCategory "14"]
[Source "ChessBase"]
[SourceDate "1998.11.10"]

1. d4 Nf6 2. c4 g6 3. Nc3 Bg7 4. e4 d6 5. h3 O-O 6. Bg5 Na6 7. f4 Nh5 $6 {This
move seems to be too risky. Black wants to fight against the weaknesses on f4
and g3, but loses time, and his N may get trouble.} (7... Qe8 {is the
theoretical continuation preparing for the standard push e7-e5.} 8. Nf3 (8. e5
Nh5 {is already not the same!}) 8... e5 $1 {This nice move is well-known also
from the 4 P Attack!} 9. fxe5 dxe5 10. Nxe5 c5 $1 {blowing up White's mighty 
[+].}) 8. Nge2 h6 9. Bh4 f5 {This is again an original idea, but it is not in
the spirit of the position.} 10. exf5 gxf5 11. g3 {Completing the development
with the B fianchetto. Suddenly all white pieces work together harmoniously.}
Qe8 {/\ e5} 12. Bg2 e5 13. dxe5 {This gives up the tension in the [+] a bit.} (
13. O-O exd4 (13... exf4 14. Nxf4 Qe3+ 15. Kh2) 14. Nd5 c5 15. Re1 {was an
interesting option.}) 13... dxe5 14. fxe5 Qxe5 15. Qd5+ Qxd5 16. Bxd5+ (16.
Nxd5 {looks more agressive, for example:} Bxb2 17. Rb1 Bg7 18. Ne7+ Kh7 19.
Nxc8 Raxc8 20. Bxb7 Rb8 21. O-O Nc5 22. Bf3 $14) 16... Kh7 17. Bf3 Nf6 18.
O-O-O Nc5 19. Nf4 Nfe4 20. Be7 Re8 21. Ncd5 Be5 22. Rhe1 c6 23. Bxc5 cxd5 24.
Rxd5 Bxf4+ 25. gxf4 Be6 26. Re5 Bxc4 ({White can still continue the game after
} 26... Bxc4 27. Rxe8 Rxe8 28. b3 Bd5 29. Kb2 $14 {^^}) 1/2-1/2

[Event "Haifa act"]
[Site "Haifa"]
[Date "1998.??.??"]
[Round "?"]
[White "Gelfand, Boris"]
[Black "Polgar, Judit"]
[Result "1/2-1/2"]
[WhiteElo "2675"]
[BlackElo "2665"]
[PlyCount "114"]
[EventDate "1998.11.??"]
[EventType "tourn (rapid)"]
[EventRounds "14"]
[EventCountry "ISR"]
[EventCategory "16"]
[Source "ChessBase"]
[SourceDate "2001.11.25"]

1. d4 Nf6 2. c4 g6 3. Nc3 d5 4. Nf3 Bg7 5. Bf4 O-O 6. Rc1 dxc4 7. e4 c5 8. dxc5
Qa5 9. e5 Nh5 10. Be3 Nc6 11. Bxc4 Bg4 12. Be2 Rad8 13. Qa4 Qxa4 14. Nxa4 Nb4
15. Rc4 Bxf3 16. gxf3 Nd3+ 17. Bxd3 Rxd3 18. Ke2 Rfd8 19. f4 f6 20. exf6 Bxf6
21. Rhc1 e5 22. fxe5 Bxe5 23. h3 Ng7 24. Re4 R3d5 25. Nc3 Bxc3 26. Rxc3 Nf5 27.
b4 Nxe3 28. Kxe3 Rd1 29. Kf3 R1d2 30. b5 Rf8+ 31. Rf4 Rfd8 32. a4 Kg7 33. h4 h6
34. Ke3 Rd1 35. c6 bxc6 36. bxc6 g5 37. hxg5 hxg5 38. Rfc4 Re1+ 39. Kf3 Rf8+
40. Kg2 Re7 41. c7 Rc8 42. Rc6 Kf7 43. Kg3 Ke8 44. R6c5 Rg7 45. Kg4 Rf7 46.
Rxg5 Rxf2 47. Re5+ Kd7 48. Rd5+ Ke7 49. Re3+ Kf6 50. Rd6+ Kf7 51. Rd7+ Kf6 52.
Kg3 Rf5 53. Rd6+ Kf7 54. Rd7+ Kf6 55. Kg2 Rg8+ 56. Rg3 Rxg3+ 57. Kxg3 Rc5
1/2-1/2

[Event "Haifa act"]
[Site "Haifa"]
[Date "1998.??.??"]
[Round "?"]
[White "Polgar, Judit"]
[Black "Greenfeld, Alon"]
[Result "1-0"]
[WhiteElo "2665"]
[BlackElo "2535"]
[PlyCount "101"]
[EventDate "1998.11.??"]
[EventType "tourn (rapid)"]
[EventRounds "14"]
[EventCountry "ISR"]
[EventCategory "16"]
[Source "ChessBase"]
[SourceDate "2001.11.25"]

1. e4 c5 2. Nf3 d6 3. Nc3 Nc6 4. Bb5 e5 5. O-O Nge7 6. a3 g6 7. Nd5 Nxd5 8.
exd5 a6 9. Bxc6+ bxc6 10. dxc6 Bg7 11. c3 O-O 12. d4 cxd4 13. cxd4 e4 14. Ne1
d5 15. Be3 f5 16. f4 Qb6 17. Rc1 Ra7 18. Rc5 Rc7 19. Qa4 Rf6 20. Nc2 Rfxc6 21.
Nb4 Rxc5 22. Qe8+ Bf8 23. dxc5 Qb5 24. Qxb5 axb5 25. Rc1 Be6 26. Bd4 h6 27. Kf2
g5 28. g3 Kf7 29. Rc3 Be7 30. Nc2 h5 31. b4 gxf4 32. gxf4 Rc8 33. a4 bxa4 34.
b5 Bd7 35. c6 Be8 36. Ke2 Bd6 37. Ke3 Ke6 38. Bc5 Bxc5+ 39. Rxc5 Kd6 40. Kd4
Bf7 41. Rc3 Be6 42. Ne3 Rb8 43. Rc5 a3 44. c7 Ra8 45. Rc6+ Kd7 46. Rc2 Ra4+ 47.
Ke5 Kc8 48. Kxe6 a2 49. Nxd5 Ra8 50. Nb6+ Kb7 51. Nxa8 1-0

[Event "Frankfurt-West Masters"]
[Site "Frankfurt"]
[Date "1999.06.29"]
[Round "1"]
[White "Morozevich, Alexander"]
[Black "Polgar, Judit"]
[Result "0-1"]
[WhiteElo "2723"]
[BlackElo "2677"]
[Annotator "Blatny,P"]
[PlyCount "96"]
[EventDate "1999.06.29"]
[EventType "tourn (rapid)"]
[EventRounds "14"]
[EventCountry "GER"]
[EventCategory "16"]
[Source "ChessBase"]
[SourceDate "1999.10.01"]

1. e4 e5 2. Nf3 Nf6 3. Nxe5 d6 4. Nf3 Nxe4 5. d4 d5 6. Bd3 Be7 7. O-O Nc6 8. c4
Nb4 9. Be2 O-O 10. Nc3 Bf5 11. Qb3 Nf6 12. c5 a5 13. Ne1 Qd7 14. a3 Nc6 15. Nf3
Ne4 16. Nxd5 a4 17. Nxe7+ Qxe7 18. Qxb7 Na5 19. Qd5 Bg6 20. Be3 Rab8 21. c6 Nb3
22. Rad1 Nd6 23. Qe5 Qd8 24. Qf4 f6 25. d5 Re8 26. Nd4 Re4 27. Ne6 Qe7 28. Qf3
Bf5 29. Bf4 Bg6 30. Bd3 Nd4 31. Nxd4 Rxd4 32. Bxg6 Rxd1 33. Bxh7+ Kxh7 34. Qxd1
Rxb2 35. Qxa4 $18 Re2 36. h3 Nf5 37. Qb4 Qf7 38. Qc4 Re8 39. Qd3 g6 40. Rb1 Rd8
41. Rb7 $18 (41. Rb5) 41... Rxd5 42. Qb3 (42. Qb1 $142 Nd6 43. Qb3 $1 $18)
42... Nd4 43. Qc4 $4 (43. Qe3 $18) (43. Qb6 $18) 43... Nf3+ $19 44. gxf3 Rd1+
45. Qf1 Rxf1+ 46. Kxf1 Qc4+ 47. Kg2 Qxf4 48. a4 Kh6 0-1